Paramore - Hard Times Lyrics - Statistics

General Stats
  • This quiz has been taken 117 times
  • The average score is 292 of 348
Answer Stats
Answer % Correct
Hard
100%
Times
100%
Even
99%
Make
99%
You
99%
A
98%
Go
98%
I
98%
Gonna
97%
Try
97%
Why
97%
Wonder
97%
The
95%
And
94%
Do
94%
When
92%
Down
89%
Still
87%
Cry
86%
How
86%
Know
86%
Survive
85%
To
84%
Don’t
83%
I’m
83%
Laugh
83%
Me
82%
Hit
80%
Tell
79%
These
78%
It
77%
That
77%
Ground
76%
Is
76%
All
75%
Bottom
74%
Rock
74%
Up
74%
Fine
72%
My
72%
Take
72%
Wake
72%
Want
72%
Ain’t
71%
In
71%
Alright
70%
Die
69%
It’s
67%
Come
64%
For
64%
Hole
64%
Out
64%
Coming
63%
Get
61%
Can
60%
Friends
59%
With
59%
Around
51%
Cloud
51%
Kick
51%
Lives
49%
Head
48%
Where
48%
Gotta
47%
Lightning
47%
Of
47%
Little
46%
Rain
46%
Walking
46%
We’ll
46%
Over
45%
Some
45%
Hanging
44%
Alive
43%
Give
40%
Sign
40%
Sort
40%
I’ll
37%
Maybe
37%
Makes
20%
Ooh
18%
No matching quizzes found
Score Distribution
Percent of People with Each Score
Percentile by Number Answered
Your Score History
You have not taken this quiz